[Event "Madurai Athens of the East op-B 4th"]
[Site "Madurai"]
[Date "2024.12.24"]
[Round "1"]
[White "Karan, JP."]
[Black "Kavin Tanveer, KH."]
[Result "1-0"]
[WhiteElo "1969"]
[BlackElo "1581"]
[PlyCount "93"]
[EventDate "2024.12.24"]
[EventType "swiss"]
[EventRounds "10"]
[EventCountry "IND"]
[SourceTitle "CB02_2025"]
[SourceDate "2025.01.08"]
[SourceVersion "1"]
[SourceVersionDate "2025.01.08"]
[SourceQuality "1"]

1. e4 e5 2. Nc3 Nf6 3. f4 d5 4. fxe5 Nxe4 5. d3 Nxc3 6. bxc3 Nc6 7. Nf3 Bg4 8. d4 Be7 9. Be2 0-0 10. 0-0 f6 11. exf6 Bxf6 12. Rb1 b6 13. Bf4 Ne7 14. Qd2 Ng6 15. Bg3 Re8 16. Bb5 Re6 17. Rbe1 Qe7 18. Rxe6 Bxe6 19. Re1 Qf7 20. Ng5 Bxg5 21. Qxg5 Rf8 22. Rf1 Qe7 23. Qxe7 Rxf1+ 24. Kxf1 Nxe7 25. Bxc7 Nf5 26. Kf2 Bc8 27. Kf3 Kf7 28. Kf4 Ke6 29. Bd3 g6 30. Kg5 Kf7 31. Kf4 Ke6 32. a4 Kd7 33. Bb8 Kc6 34. Be5 a6 35. Kg5 Kb7 36. Bf4 Bd7 37. g4 Ne7 38. Kf6 Nc8 39. g5 Bxa4 40. Kg7 Be8 41. Kxh7 Ne7 42. Kg7 Nf5+ 43. Bxf5 gxf5 44. Kf6 a5 45. g6 Bxg6 46. Kxg6 a4 47. Kxf5 1-0